| 000 | 00435nam a2200169Ia 4500 | ||
|---|---|---|---|
| 008 | 230524s9999 xx 000 0 und d | ||
| 082 |
_a530 _bRAVI |
||
| 100 |
_aR.Ravi _924195 |
||
| 245 | 0 | _aInteractive Physics Vol-2 | |
| 250 | _a1ST | ||
| 260 |
_aNEW DELHI _bMTG Learning Media _c2000 |
||
| 300 | _aIV;265 | ||
| 500 | _aQuantity Number: 1 | ||
| 650 | _aPhysics | ||
| 700 |
_a" P.Kamaraj , P.Ranganathan,,," _924196 |
||
| 942 | _cBK | ||
| 999 |
_c35714 _d35714 |
||